K některým otázkám ideového vývoje dělnického hnutí v našich zemích /
Uložené v:
| Ďalší autori: | |
|---|---|
| Médium: | Kniha |
| Jazyk: | Czech |
| Vydané: |
Praha :
Univerzita Karlova,
1960
|
| Vydanie: | 1. vyd. |
| Edícia: | Acta Universitatis Carolinae. Philosophica et Historica
1/1960 |
| ISBN: |
(brož.) |
| Fyzický popis: |
98 s. |
| Tagy: |
Pridať tag
Žiadne tagy, Buďte prvý kto otaguje tento záznam!
|
Titul je dostupný aj v ... 

MARC
| LEADER | 00000nam a2200000 a 4500 | ||
|---|---|---|---|
| 001 | 000463553 | ||
| 005 | 20200311102152.0 | ||
| 008 | 020612 1960 xr e cze d | ||
| 020 | |a (brož.) |c Kčs 12,20 | ||
| 040 | |a SVKKK |b slo |c SVKKK |e AACR2 | ||
| 041 | 0 | |a cze |b rus |b ger | |
| 044 | |a xr |c CZ | ||
| 245 | 0 | 0 | |a K některým otázkám ideového vývoje dělnického hnutí v našich zemích / |c vedecký redaktor Jaroslav Kladiva. |
| 250 | |a 1. vyd. | ||
| 260 | |a Praha : |b Univerzita Karlova, |c 1960 |e (Praha, |f Mír) | ||
| 300 | |a 98 s. | ||
| 490 | 1 | |a Acta Universitatis Carolinae. Philosophica et Historica |v 1/1960 | |
| 500 | |a Resumé rus., nem. | ||
| 500 | |a Názov aj rus. a nem. | ||
| 700 | 1 | |a Kladiva, Jaroslav, |d 1919-1987 |4 edt | |
| 830 | 0 | |a Acta Universitatis Carolinae. Philosophica et Historica |v 1/1960 | |
| 910 | |a svkkk | ||
| 998 | |a BK | ||
| 090 | |g SCKHL |k Sklad Pribinova 1. posch. |a IV.31841 |j 336056 |i 463553-10 |s Prezenčne | ||